000 00552nam a2200193Ia 4500
005 20250507130319.0
008 008 250505s9999 xx 000 0 eng d
037 _aAnnuals, Advances
040 _aEASL
_beng
_cEASL
041 _aeng
_2eng
084 _aX.41.N94, N5
_qEASL
100 _aYabuki Susumu
245 0 _aChina's new political economy : The Giant awakes
260 _aUK
_bLondon Westview Press
_c1995
300 _a320p.
365 _a
_b69.00
942 _cTEXL
_hX.41.N94, N5
999 _c1318940
_d1318940